[Event "Mechanics' Spring TNM; 30/90, SD/30"]
[Site "San Francisco"]
[Date "2014.05.06"]
[Round "8.16"]
[White "Poler, Sebastian"]
[Black "Bayaraa, Chinguun"]
[Result "0-1"]
[WhiteElo "1203"]
[BlackElo "1775"]
[PlyCount "74"]
[EventDate "2014.??.??"]

1. d4 d5 2. c4 e6 3. Nc3 Nf6 4. cxd5 exd5 5. Bg5 Be7 6. e3 c6 7. Bd3 h6 8. Bh4
Nbd7 9. Nge2 O-O 10. O-O Re8 11. f3 Nf8 12. e4 dxe4 13. fxe4 Ng6 14. Bxf6 Bxf6
15. e5 Bg5 16. Qb3 Be6 17. Qxb7 Be3+ 18. Kh1 Bxd4 19. Nxd4 Qxd4 20. Bxg6 fxg6
21. Qxc6 Rac8 22. Qd6 Qc4 23. Rad1 Kh7 24. Qd4 Qa6 25. a3 Qb7 26. Ne4 Rc2 27.
Rf2 Rxf2 28. Nxf2 Rf8 29. Nd3 Bh3 30. Qg1 Bg4 31. Rf1 Rd8 32. Qe3 Qa6 33. h3
Rxd3 34. Qe4 Rxh3+ 35. gxh3 Qxf1+ 36. Kh2 Qxh3+ 37. Kg1 Bf3 0-1

[Event "Mechanics' Fall TNM; 30/90, SD/30"]
[Site "San Francisco"]
[Date "2014.11.04"]
[Round "3.25"]
[White "Poler, Sebastian"]
[Black "Campers, Willie"]
[Result "0-1"]
[WhiteElo "1391"]
[BlackElo "1749"]
[Annotator "Donaldson"]
[PlyCount "104"]
[EventDate "2014.??.??"]

1. d4 d5 2. c4 c6 3. cxd5 cxd5 4. Nf3 Nc6 5. Nc3 a6 6. Bf4 Nf6 7. Rc1 e6 8. e3
Be7 9. Bd3 Nh5 10. Bg3 Bd7 11. O-O Nxg3 12. hxg3 O-O 13. Na4 b6 14. a3 f6 15.
Qb3 Na5 16. Qc2 h6 17. Nh4 (17. Nc3) 17... Rc8 18. Bh7+ (18. Nc3 $1 f5 19. Ng6
Rf6 20. Nxe7+ Qxe7 21. Bxa6 $16) 18... Kh8 19. Nc3 $2 (19. Ng6+ Kxh7 20. Nxf8+
Kg8 21. Nxe6 Bxe6 22. Qe2) 19... f5 $1 20. Bg6 Bxh4 21. gxh4 Qxh4 22. Qe2 Nc4
23. Rc2 b5 24. Na2 a5 25. Nc1 Be8 26. Bxe8 Rcxe8 27. Nd3 Rf6 28. Nf4 g5 29. Nd3
Ref8 30. Ne5 Nxe5 31. dxe5 Rg6 32. Qxb5 Qe4 33. Rfc1 Qxe5 34. Qxa5 f4 35. Qc3
Qg7 36. Qxg7+ Kxg7 37. Rc7+ Kf6 38. exf4 gxf4 39. f3 Rfg8 40. R1c2 Rg3 41. Rh7
R8g6 42. Re2 Rxf3 43. Rxh6 Rfg3 44. Rxg6+ Rxg6 45. Kf2 Rg3 46. a4 e5 47. b4 e4
48. Rb2 d4 49. Re2 e3+ 50. Kf1 d3 51. Rb2 d2 52. Rb1 Rxg2 0-1

[Event "Mechanics' Whitehead TNM; 30/90, SD/30"]
[Site "San Francisco"]
[Date "2014.09.09"]
[Round "6.30"]
[White "Poler, Sebastian"]
[Black "Eastham, Lorraine"]
[Result "1/2-1/2"]
[WhiteElo "1391"]
[BlackElo "1229"]
[Annotator "Donaldson"]
[PlyCount "118"]
[EventDate "2014.??.??"]

1. d4 d5 2. c4 e6 3. Nc3 Nf6 4. Bg5 Be7 5. e3 O-O 6. cxd5 exd5 7. Bd3 h6 8. Bh4
Nbd7 9. Nge2 b6 10. O-O c5 11. Rc1 Re8 12. Re1 Nf8 13. f3 Ng6 14. Bf2 Bd6 15.
Qc2 Ne7 16. Nb5 $2 (16. e4) 16... c4 17. Bxc4 dxc4 18. Nxd6 Qxd6 19. Qxc4 Be6
20. Qa4 Qd7 21. Qa3 Nfd5 22. e4 Nc7 23. d5 Nexd5 24. exd5 Bxd5 25. b3 Nb5 26.
Qb2 Rac8 27. Nf4 Rxe1+ 28. Rxe1 Bb7 29. Nh5 f6 $2 {Diagram #} (29... Nc3 $11)
30. Qxf6 $1 Rf8 31. Qe7 (31. Qg6 {White should stay in the middlegame.}) 31...
Rf7 32. Qxd7 Rxd7 33. Bg3 Kf7 34. Be5 g6 35. Ng3 Re7 36. Kf2 Na3 37. Bb2 Nc2
38. Rxe7+ Kxe7 39. a3 Ba6 40. Ne2 Ke6 41. Nd4+ Nxd4 42. Bxd4 Bd3 43. Bg7 h5 44.
h4 Bc2 45. b4 b5 46. Ke3 Kd5 47. g4 Ke6 48. Kf4 Kf7 49. Bd4 a6 50. gxh5 gxh5
51. Kg5 Bd1 52. f4 Bg4 53. f5 Bd1 54. f6 Bg4 55. Kf4 Be6 56. Ke5 Bc8 57. Kd6
Be6 58. Kc5 Bd7 59. Kb6 Bc8 {White can win a pawn with Kc7-b7 x a6 but Black
has time to put her bishop on a4 and the game is a dead draw despite White's
two pawn advantage because the bishops are of opposite colors.} 1/2-1/2

[Event "Mechanics' Fall TNM; 30/90, SD/30"]
[Site "San Francisco"]
[Date "2014.10.21"]
[Round "1.25"]
[White "Poler, Sebastian"]
[Black "Gerwin, Gene"]
[Result "0-1"]
[WhiteElo "1391"]
[BlackElo "1906"]
[PlyCount "54"]
[EventDate "2014.??.??"]

1. d4 d6 2. c4 Nf6 3. Nc3 g6 4. e4 Bg7 5. Nf3 O-O 6. Be3 Ng4 7. Bg5 h6 8. Bf4
e5 9. dxe5 Nxe5 10. Nxe5 dxe5 11. Be3 c6 12. Be2 Qe7 13. O-O Na6 14. Qc1 Kh7
15. Na4 b6 16. a3 Nc7 17. b4 Ne6 18. b5 Bb7 19. Nc3 cxb5 20. cxb5 Nd4 21. Qb1
Rac8 22. Bxd4 exd4 23. Nd1 Qxe4 24. Qxe4 Bxe4 25. f3 d3 26. Ra2 dxe2 27. Rxe2
Bd3 0-1

[Event "Mechanics' Fall TNM; 30/90, SD/30"]
[Site "San Francisco"]
[Date "2014.12.09"]
[Round "7.27"]
[White "Poler, Sebastian"]
[Black "Handler, Andrew"]
[Result "0-1"]
[WhiteElo "1391"]
[BlackElo "1652"]
[PlyCount "84"]
[EventDate "2014.??.??"]

1. d4 e6 2. c4 f5 3. Nf3 Nf6 4. Nc3 Bb4 5. Bg5 Bxc3+ 6. bxc3 O-O 7. g3 d6 8.
Bg2 Qe8 9. Qd3 Ne4 10. Bc1 Kh8 11. O-O e5 12. Rb1 Nc6 13. Nd2 Nxd2 14. Qxd2 f4
15. Qd3 Bf5 16. Be4 Bxe4 17. Qxe4 Rb8 18. d5 Ne7 19. gxf4 exf4 20. Bxf4 Qf7 21.
Be3 Nf5 22. Bxa7 $2 Rbe8 23. Qf3 b6 24. Bxb6 cxb6 25. Rxb6 Qa7 26. Rb2 Nh6 27.
Qg3 Rf6 28. Kh1 Ref8 29. f3 Nf5 30. Qg1 Ne3 31. f4 $2 Rg6 32. Qf2 Qe7 33. Rfb1
Rg2 34. Qxg2 Nxg2 35. Kxg2 Qe4+ 36. Kg1 Qxf4 37. Rb8 Qf2+ 38. Kh1 h5 39. a4
Rxb8 40. Rxb8+ Kh7 41. Rb1 Qxe2 42. Rg1 Qxc4 0-1

[Event "Mechanics' Whitehead TNM; 30/90, SD/30"]
[Site "?"]
[Date "2014.08.20"]
[Round "3"]
[White "Poler, Sebastian"]
[Black "Malykin, Erika"]
[Result "0-1"]
[WhiteElo "1391"]
[BlackElo "1571"]
[PlyCount "38"]
[EventDate "2014.01.27"]

1. d4 Nf6 2. c4 e5 3. dxe5 Ng4 4. Bf4 Nc6 5. Nf3 Bb4+ 6. Nbd2 Qe7 7. e3 Ngxe5
8. Be2 d6 9. O-O Bxd2 10. Qxd2 h6 11. Rad1 Bg4 12. Nd4 Bxe2 13. Nxc6 Nxc6 14.
Qxe2 O-O 15. Rfe1 Rae8 16. e4 f5 17. Qc2 g5 18. Bd2 fxe4 19. Re2 Nd4 0-1

[Event "Mechanics' Fall TNM; 30/90, SD/30"]
[Site "San Francisco"]
[Date "2014.12.02"]
[Round "6.31"]
[White "Poler, Sebastian"]
[Black "Robertson, Guy"]
[Result "1-0"]
[WhiteElo "1391"]
[BlackElo "1494"]
[Annotator "Donaldson"]
[PlyCount "55"]
[EventDate "2014.??.??"]

1. d4 Nf6 2. c4 d6 3. Nc3 g6 4. e4 Bg7 5. Nf3 O-O 6. Be2 Na6 7. h3 c5 8. Be3
cxd4 9. Bxd4 b6 10. O-O Nc5 11. e5 Ne8 12. Re1 Ne6 13. exd6 Nxd4 14. Nxd4 Nxd6
15. Bf3 {Diagram #} (15. Nc6 Qd7 16. Bf3 $16) 15... Bb7 (15... Nxc4 $1 16. Bxa8
Nxb2 17. Qd2 Qxd4 $11) 16. Bxb7 Nxb7 17. Nc6 $14 Qxd1 18. Nxe7+ Kh8 19. Raxd1
Nc5 $2 (19... Bxc3 20. bxc3 Nc5 $14) 20. Re2 a5 21. Rd6 Rfe8 22. Rxb6 Nd3 23.
Ncd5 Bd4 24. Rb7 Nc5 25. Rb5 Ne6 26. Nc6 a4 27. Rxe6 fxe6 28. Nc7 1-0

[Event "Mechanics' Spring TNM; 30/90, SD/30"]
[Site "San Francisco"]
[Date "2014.03.25"]
[Round "2.12"]
[White "Poler, Sebastian"]
[Black "Todortsev, Victor"]
[Result "0-1"]
[WhiteElo "1203"]
[BlackElo "1951"]
[Annotator "Donaldson"]
[PlyCount "58"]
[EventDate "2014.??.??"]

1. d4 d5 2. c4 e6 3. Nc3 Nf6 4. cxd5 exd5 5. Bg5 Be7 6. Nf3 (6. e3 c6 7. Bd3
O-O 8. Qc2 Bg4 (8... h6 9. Bh4 Bg4 10. Nf3 Bxf3 11. gxf3 Nbd7 12. O-O-O)) 6...
c6 7. e3 O-O (7... Bf5 8. Qb3 Qb6) 8. Be2 (8. Bd3) 8... Bf5 9. Qb3 b6 (9... Qb6
) 10. O-O Nbd7 11. Rac1 (11. Ba6 Rb8 (11... Qb8) 12. Bf4) 11... b5 12. a3 (12.
a4 $1 b4 13. Na2 Qb6 14. a5 Qb7 15. Ne5) 12... Rc8 13. Na2 a5 14. Rc3 $2 Nb6 (
14... a4) 15. Ne5 Nc4 16. Nxc4 bxc4 17. Qa4 h6 18. Bxf6 Bxf6 19. b4 (19. Rd1
Qb6) 19... axb4 20. Nxb4 c5 21. Nc2 Bxc2 22. Rxc2 cxd4 23. exd4 Bxd4 24. Rd1
Qb6 25. Bf3 Qb3 26. Qxb3 cxb3 27. Rxc8 Rxc8 28. Bxd5 b2 29. Be4 Rc1 0-1

[Event "Mechanics' Whitehead TNM; 30/90, SD/30"]
[Site "San Francisco"]
[Date "2014.09.23"]
[Round "8.25"]
[White "Poler, Sebastian"]
[Black "Yamamoto, Craig"]
[Result "1-0"]
[WhiteElo "1391"]
[BlackElo "1593"]
[PlyCount "81"]
[EventDate "2014.??.??"]

1. d4 e6 2. c4 d5 3. Nc3 Nf6 4. Bg5 Be7 5. Nf3 c6 6. e3 Nbd7 7. c5 b6 8. b4 a5
9. a3 O-O 10. Bd3 Nh5 11. Bxe7 Qxe7 12. O-O f5 13. Qc2 axb4 14. axb4 Rxa1 15.
Rxa1 b5 16. Na2 g6 17. g3 e5 18. dxe5 Nxe5 19. Nd4 Qf6 20. Nc3 Bd7 21. Ra6 Qe7
22. f4 Ng4 23. Qd2 Rc8 24. Nd1 Nhf6 25. h3 Nh6 26. Nc3 Nh5 27. Nce2 Nf6 28. Nf3
Nf7 29. Kf2 Ne4+ 30. Bxe4 fxe4 31. Nfd4 Qe8 32. g4 Qe7 33. Kg3 g5 34. Nxb5 cxb5
35. Qxd5 gxf4+ 36. exf4 Qe8 37. Nd4 e3 38. Ne6 Bc6 39. Qf5 Qd7 40. Qf6 Nd8 41.
Qf8# 1-0

[Event "Mechanics' Fall TNM; 30/90, SD/30"]
[Site "San Francisco"]
[Date "2014.12.02"]
[Round "6.14"]
[White "Poling, Scott"]
[Black "Anderson, Michael Gene"]
[Result "1-0"]
[WhiteElo "1728"]
[BlackElo "1992"]
[Annotator "Donaldson"]
[PlyCount "58"]
[EventDate "2014.??.??"]

1. e4 c5 2. c3 Nf6 3. e5 Nd5 4. g3 Qc7 5. Nf3 Nc6 6. Qe2 g6 7. Bg2 Bg7 8. O-O
e6 9. Re1 O-O 10. Na3 a6 11. d4 cxd4 12. cxd4 b5 13. Be3 Bb7 14. Rac1 Qb6 15.
Nb1 Ncb4 16. a3 Na2 17. Rc2 b4 18. axb4 Ndxb4 19. Rd2 Rfc8 20. Nc3 Rxc3 21.
bxc3 Nxc3 22. Qc4 Rc8 23. Qb3 Bd5 24. Qb2 Ne4 25. Rb1 Bf8 26. Rc2 Rb8 27. Rcc1
a5 28. Nd2 Nxd2 29. Qxd2 Bxg2 {Black lost on time in a roughly equal position.}
1-0

[Event "Mechanics' Fall TNM; 30/90, SD/30"]
[Site "San Francisco"]
[Date "2014.10.28"]
[Round "2.17"]
[White "Poling, Scott"]
[Black "Grey, Peter"]
[Result "1-0"]
[WhiteElo "1728"]
[BlackElo "2014"]
[PlyCount "45"]
[EventDate "2014.??.??"]

1. e4 c5 2. c3 Nf6 3. e5 Nd5 4. g3 d6 5. exd6 Qxd6 6. Bg2 Nc6 7. Nf3 e5 8. O-O
Be7 9. d4 cxd4 10. cxd4 exd4 11. Nxd4 Nxd4 12. Qxd4 Nf6 13. Qxd6 Bxd6 14. Re1+
Kd7 15. Nc3 a6 16. Na4 Rb8 17. Nb6+ Kc7 18. Be3 Bd7 19. Nc4 Ne8 20. Red1 Be6
21. Nxd6 Nxd6 22. Rac1+ Kd7 23. Bf4 1-0

[Event "Mechanics' Spring TNM; 30/90, SD/30"]
[Site "San Francisco"]
[Date "2014.04.08"]
[Round "4.24"]
[White "Poling, Scott"]
[Black "Hood, Bryan"]
[Result "1-0"]
[WhiteElo "1659"]
[BlackElo "1095"]
[PlyCount "71"]
[EventDate "2014.??.??"]

1. e4 e5 2. Nf3 Nc6 3. Bb5 a6 4. Ba4 Nf6 5. d3 Bc5 6. O-O O-O 7. Bxc6 dxc6 8.
Nxe5 Re8 9. Nf3 Bg4 10. h3 Bxh3 $2 11. gxh3 Qd7 12. Kg2 Nh5 13. Nh2 g6 14. Be3
Bd6 15. f4 Qe7 16. Qf3 Rad8 17. Nc3 f5 18. e5 Bxe5 19. fxe5 Qxe5 20. Bf4 Qc5
21. Rae1 Rxe1 22. Rxe1 Qb4 23. Bc1 Qh4 24. Qf2 Qf6 25. Nf3 f4 26. Qh4 Qd6 27.
Qe7 Rf8 28. Qxd6 cxd6 29. Re7 b5 30. Re6 Rd8 31. Ne4 d5 32. Nf6+ Kg7 33. Nxh5+
gxh5 34. Bxf4 Rg8 35. Kf2 Kf7 36. Rxc6 1-0

[Event "Mechanics' Whitehead TNM; 30/90, SD/30"]
[Site "San Francisco"]
[Date "2014.09.23"]
[Round "8.8"]
[White "Poling, Scott"]
[Black "Krasnov, Steven"]
[Result "0-1"]
[WhiteElo "1677"]
[BlackElo "2002"]
[PlyCount "40"]
[EventDate "2014.??.??"]

1. e4 g6 2. d4 Bg7 3. Nc3 c6 4. Nf3 d5 5. e5 Bg4 6. h3 Bxf3 7. Qxf3 e6 8. Bd3
Nd7 9. O-O Ne7 10. Ne2 O-O 11. Nf4 c5 12. c3 Qb6 13. Be3 c4 14. Be2 Qxb2 15.
Rab1 Qxc3 16. Rxb7 Rfd8 17. Rc1 Qa3 18. Bxc4 Rac8 19. Rb3 Qxa2 20. Rb7 Rxc4 0-1

[Event "Mechanics' SummerTNM; 30/90, SD/30"]
[Site "San Francisco"]
[Date "2014.05.27"]
[Round "1.1"]
[White "Poling, Scott"]
[Black "Manvelyan, Hayk"]
[Result "0-1"]
[WhiteElo "1683"]
[BlackElo "2349"]
[PlyCount "92"]
[EventDate "2014.??.??"]

1. e4 c5 2. d4 cxd4 3. c3 dxc3 4. Nxc3 Nc6 5. Nf3 d6 6. Bc4 e6 7. O-O Be7 8.
Qe2 a6 9. Rd1 b5 10. Bb3 Bd7 11. Bf4 e5 12. Be3 Nf6 13. Nd5 Nxd5 14. Bxd5 O-O
15. Rac1 Rc8 16. Bxc6 Rxc6 17. Rxc6 Bxc6 18. Nxe5 Bxe4 19. Nf3 Qa8 20. Ne1 Re8
21. Qg4 Bg6 22. h4 Qe4 23. Qd7 Bxh4 24. Rd4 Qe7 25. Qc6 Bf6 26. Rxd6 Bxb2 27.
Qxa6 Bc1 28. Qb6 h6 29. Rd5 Bxe3 30. Qxe3 Qxe3 31. fxe3 Rxe3 32. Kf2 Ra3 33.
Rxb5 Rxa2+ 34. Kg3 Be4 35. Nf3 Bxf3 36. Kxf3 Ra4 37. g4 g5 38. Rb6 Kg7 39. Kg3
Rf4 40. Ra6 f6 41. Ra7+ Kg6 42. Ra6 h5 43. gxh5+ Kxh5 44. Ra8 Rb4 45. Rh8+ Kg6
46. Rg8+ Kf5 0-1

[Event "Mechanics' Fall TNM; 30/90, SD/30"]
[Site "San Francisco"]
[Date "2014.11.18"]
[Round "4.5"]
[White "Poling, Scott"]
[Black "Nagarajan, Pranav"]
[Result "0-1"]
[WhiteElo "1728"]
[BlackElo "2172"]
[Annotator "Donaldson"]
[PlyCount "28"]
[EventDate "2014.??.??"]

1. e4 c5 2. c3 g6 3. d4 cxd4 4. cxd4 d5 5. exd5 Nf6 6. Nc3 Nxd5 7. Bc4 Nb6 8.
Bb3 Bg7 9. Nf3 Nc6 10. Be3 O-O 11. d5 Na5 12. Bc2 $2 (12. Bd4 $11) 12... Nac4
$19 13. Rb1 Nxb2 14. Qd2 N6c4 0-1

[Event "Mechanics' SummerTNM; 30/90, SD/30"]
[Site "San Francisco"]
[Date "2014.07.15"]
[Round "8.13"]
[White "Poling, Scott"]
[Black "Newey, Richard"]
[Result "1-0"]
[WhiteElo "1683"]
[BlackElo "1796"]
[PlyCount "87"]
[EventDate "2014.??.??"]

1. e4 c5 2. Nf3 d6 3. Bd3 Nc6 4. c3 Bg4 5. h3 Ne5 6. Bb5+ Bd7 7. Bxd7+ Qxd7 8.
O-O Nd3 9. c4 Nf6 10. Nc3 g6 11. Qe2 Nxc1 12. Raxc1 Bg7 13. e5 dxe5 14. Nxe5
Qd8 15. Ne4 Nxe4 16. Qxe4 Rb8 17. Rfe1 Qd4 18. Qxd4 cxd4 19. Nd3 e6 20. c5 O-O
21. Rc4 Rfd8 22. b4 Rbc8 23. f4 Rd5 24. g4 h6 25. Kg2 Bf6 26. Re4 Kg7 27. Kf3
b5 28. Rc1 Rc6 29. Ne5 Bxe5 30. Rxe5 Kf6 31. Ke4 Rd7 32. h4 a5 33. a3 axb4 34.
axb4 Ra7 35. g5+ hxg5 36. hxg5+ Kg7 37. Kxd4 Ra3 38. Re3 Ra2 39. Rd3 Rc8 40.
Ke5 Rb2 41. Rd4 Rb3 42. c6 Rc7 43. Kd6 Rc8 44. c7 1-0

[Event "Mechanics' SummerTNM; 30/90, SD/30"]
[Site "San Francisco"]
[Date "2014.06.10"]
[Round "3.31"]
[White "Poling, Scott"]
[Black "Olson, David"]
[Result "1-0"]
[WhiteElo "1683"]
[BlackElo "1406"]
[PlyCount "61"]
[EventDate "2014.??.??"]

1. e4 c5 2. d4 cxd4 3. c3 dxc3 4. Nxc3 d6 5. Nf3 g6 6. Qd4 f6 7. Bc4 Nc6 8. Qd5
e6 9. Qd1 Nh6 10. O-O Bg7 11. Nb5 Nf7 12. Bf4 Nfe5 13. Nxd6+ Ke7 14. Nxe5 Nxe5
15. Bxe5 fxe5 16. Nxc8+ Qxc8 17. Rc1 Rd8 18. Qg4 Rd4 19. Bb5 Qd8 20. Qh4+ Kf7
21. Qxh7 Qb6 22. Rc3 Rxe4 23. Rf3+ Rf4 24. Bd3 Rxf3 25. Qxg6+ Kg8 26. gxf3 Rd8
27. b3 Rf8 28. Be4 Qc7 29. Qxe6+ Kh8 30. Rd1 Rg8 31. Kf1 1-0

[Event "Mechanics' Winter TNM; 30/90, SD/30"]
[Site "San Francisco"]
[Date "2014.02.18"]
[Round "7.12"]
[White "Poling, Scott"]
[Black "Potharam, Eitetsu"]
[Result "0-1"]
[WhiteElo "1655"]
[BlackElo "1824"]
[PlyCount "74"]
[EventDate "2014.??.??"]

1. e4 c5 2. d4 cxd4 3. c3 dxc3 4. Nxc3 e6 5. Nf3 a6 6. Bc4 Nc6 7. O-O Nge7 8.
Bg5 f6 9. Be3 b5 10. Bb3 Ng6 11. Qe2 Na5 12. Rfd1 Nxb3 13. axb3 Bb7 14. Nd4 Qb8
15. Qg4 Be7 16. Nxe6 dxe6 17. Qxe6 Qc8 18. Qb6 O-O 19. Rac1 Qc6 20. Qa5 Qe6 21.
f3 Qxb3 22. Qc7 Rab8 23. Rd7 Rfc8 24. Qg3 Qxb2 25. Nd1 Qb3 26. Rxb7 {Diagram #}
Qxe3+ $1 27. Nxe3 Rxc1+ 28. Kf2 Rxb7 29. Nd5 Rc6 30. f4 f5 31. Qb3 Kh8 32. exf5
Bc5+ 33. Kf3 Ne7 34. Kg4 h6 35. Kh5 Nxf5 36. Qc3 Ne7 37. Nb4 Bxb4 0-1

[Event "Mechanics' Winter TNM; 30/90, SD/30"]
[Site "San Francisco"]
[Date "2014.02.25"]
[Round "8.22"]
[White "Poling, Scott"]
[Black "Rakonitz, David"]
[Result "1-0"]
[WhiteElo "1655"]
[BlackElo "1477"]
[Annotator "Donaldson"]
[PlyCount "43"]
[EventDate "2014.??.??"]

1. e4 e6 2. d4 d5 3. e5 c5 4. Nf3 cxd4 5. Bd3 Nc6 6. O-O Nge7 7. Re1 Ng6 8. a3
a5 9. Nbd2 Qc7 10. Bxg6 hxg6 11. Nb3 f6 12. Qd3 Kf7 13. Bf4 Be7 14. Bg3 f5 15.
Bf4 b6 16. Nbxd4 Ba6 17. Qd2 Rac8 18. Rad1 Nxd4 19. Nxd4 Rhd8 20. Bg5 Rh8 {
Diagram #} 21. Nxe6 $1 Kxe6 22. Qxd5# 1-0

[Event "Mechanics' Spring TNM; 30/90, SD/30"]
[Site "San Francisco"]
[Date "2014.04.29"]
[Round "7.20"]
[White "Poling, Scott"]
[Black "Reyes, Robert"]
[Result "1/2-1/2"]
[WhiteElo "1659"]
[BlackElo "1383"]
[PlyCount "59"]
[EventDate "2014.??.??"]

1. e4 e6 2. d4 d5 3. e5 c5 4. Nf3 Nc6 5. Bd3 cxd4 6. O-O Bc5 7. Re1 Nge7 8.
Nbd2 Bd7 9. a3 a5 10. Nf1 Qc7 11. Qe2 Bb6 (11... Ng6 12. Ng3 O-O 13. h4 f5 (
13... f6) 14. exf6 gxf6 15. Qd2 Rf7) (11... Rc8) 12. Bd2 Rc8 13. Rac1 Qb8 (
13... Ng6) 14. Ng3 Ng6 15. Nh5 Rg8 (15... Kf8) 16. Bh6 $6 gxh6 17. Nf6+ Ke7 18.
Nxg8+ Rxg8 19. Qd2 Ngxe5 20. Nxe5 Nxe5 21. Qf4 Nxd3 22. Qh4+ f6 23. cxd3 Rg6
24. f4 Qg8 25. Re2 Rg4 26. Qf2 Qb8 27. Rf1 Qd6 28. h3 Rg7 29. Qh4 Rf7 30. Qh5 {
drawn after 29...Rf7} (30. Qxh6 Bb5 31. Rf3 Kd8 32. Qh5 Qe7 33. Qg4 Bd7 34. Rg3
Kc8 35. Rc2+ Kb8 36. Qg8+ Ka7 37. Qh8 Rf8 38. Rg7 Rxh8 39. Rxe7 Bb5 40. Rd2 (
40. Rxe6 Bxd3 41. Rc1 Be4) 40... Re8 41. Rxe8 Bxe8 42. Re2 Bd7 43. Kf2 Bc7 44.
Kf3 e5) 1/2-1/2

[Event "Mechanics' SummerTNM; 30/90, SD/30"]
[Site "San Francisco"]
[Date "2014.06.24"]
[Round "5.20"]
[White "Poling, Scott"]
[Black "Robertson, Guy"]
[Result "1-0"]
[WhiteElo "1683"]
[BlackElo "1524"]
[PlyCount "67"]
[EventDate "2014.??.??"]

1. e4 c5 2. Nf3 d6 3. Bd3 g6 4. c3 Bg7 5. Bc2 Nc6 6. O-O Nf6 7. Re1 O-O 8. d3
b5 9. e5 dxe5 10. Nxe5 Nxe5 11. Rxe5 Ng4 12. Rg5 h5 13. h3 Nh6 14. Rxc5 a6 15.
Qf3 Bf5 16. Nd2 Qb6 17. Rc6 Qb7 18. Nb3 Bd7 19. Rc5 Qxf3 20. gxf3 Bxh3 21. d4
Rac8 22. Bf4 Bd7 23. Be4 Rxc5 24. Nxc5 Bc8 25. b4 e6 26. Bc6 Nf5 27. a4 bxa4
28. Rxa4 Nh4 29. Bd6 Rd8 30. Bc7 Rf8 31. Bd6 Rd8 32. Be7 Rd5 33. Bxd5 exd5 34.
Bxh4 1-0

[Event "Mechanics' Whitehead TNM; 30/90, SD/30"]
[Site "San Francisco"]
[Date "2014.08.12"]
[Round "2.9"]
[White "Poling, Scott"]
[Black "Steger, Alex"]
[Result "0-1"]
[WhiteElo "1677"]
[BlackElo "2029"]
[Annotator "Winslow,Elliott C"]
[PlyCount "56"]
[EventDate "2014.??.??"]

1. e4 e5 2. Nf3 Nc6 3. Bb5 a6 4. Ba4 Nf6 5. d3 b5 6. Bb3 Bc5 7. O-O O-O 8. Re1
h6 9. c3 d6 10. h3 Be6 11. Bc2 d5 12. exd5 Nxd5 13. Nxe5 Bxf2+ 14. Kxf2 Nxe5
15. d4 (15. Rxe5 Qf6+) 15... Qf6+ 16. Kg1 Ng6 17. Rf1 Qh4 18. Qe1 Rae8 19. Qxh4
Nxh4 20. a4 f5 21. g3 Ng6 22. axb5 axb5 23. g4 Nh4 24. g5 f4 25. gxh6 gxh6 26.
Kh2 Ne3 27. Rg1+ Kh8 28. Bd3 Nf3+ 0-1

[Event "Mechanics' Fall TNM; 30/90, SD/30"]
[Site "San Francisco"]
[Date "2014.12.16"]
[Round "8.13"]
[White "Poling, Scott"]
[Black "Wang, Yuan"]
[Result "0-1"]
[WhiteElo "1728"]
[BlackElo "2033"]
[Annotator "Donaldson"]
[PlyCount "73"]
[EventDate "2014.??.??"]

1. e4 c5 2. c3 d5 3. exd5 Qxd5 4. d4 Nc6 5. Nf3 Bg4 6. Be2 Nf6 7. h3 Bf5 8. O-O
e6 9. Be3 cxd4 10. Nxd4 Be7 11. c4 Qe5 12. Nxc6 bxc6 13. Bd4 Qf4 14. Be3 Qe5
15. Bd4 Qf4 16. Be3 Qh4 17. Qd4 Ne4 18. Bf3 Bf6 19. Qd1 O-O ({
There was nothing wrong with} 19... Bxb2) 20. Bd4 e5 $2 (20... Rad8 21. Bxf6
Qxf6 {gives Black a huge development advantage.}) 21. Be3 Rad8 22. Qc1 $2 (22.
Qa4 Ng5 23. Bxg5 Qxg5 24. Nc3) 22... Ng5 $1 23. Bxc6 {Diagram #} Bxh3 (23...
Nxh3+ $1 24. gxh3 Bxh3 25. Nc3 Qg4+ 26. Kh1 e4 27. Bxe4 Bxc3 {winning}) 24. Nd2
Bg4 (24... e4 $1) 25. Bc5 Rc8 (25... Rd3 $1 26. Bxf8 Rh3 $3 {wins}) 26. Bxf8
Rxc6 27. Bb4 Nh3+ $1 28. gxh3 Bxh3 29. Qc3 Bd8 $1 30. Ne4 Bxf1 (30... Rg6+ $1
31. Ng3 Qe4 $3 {wins on the spot.}) 31. Qxe5 Re6 32. Qc5 h6 33. Qf8+ Kh7 34.
Rxf1 Rxe4 35. Re1 Qg4+ 36. Kh2 Bc7+ 37. Kh1 0-1

[Event "Mechanics' Winter TNM; 30/90, SD/30"]
[Site "San Francisco"]
[Date "2014.02.04"]
[Round "5.27"]
[White "Poling, Scott"]
[Black "Weiss, Nicholas"]
[Result "1-0"]
[WhiteElo "1655"]
[BlackElo "1418"]
[Annotator "Donaldson"]
[PlyCount "37"]
[EventDate "2014.??.??"]

1. e4 c5 2. d4 cxd4 3. c3 dxc3 4. Nxc3 Nc6 5. Nf3 a6 6. Bc4 e6 7. O-O Qc7 8.
Qe2 Nf6 9. Rd1 b5 10. Bb3 Bc5 11. Bg5 $5 (11. e5 Ng4 12. Ne4 Be7 13. Nd6+ Bxd6
14. exd6 Qb7) 11... Ng4 12. Nd5 $5 exd5 $6 (12... Qa7 13. Ne3 Nxe3 14. Bxe3
Bxe3 15. fxe3 O-O) 13. exd5+ Nce5 14. d6 Bxd6 15. Nxe5 Nxe5 16. Rac1 Bc5 $2 {
Diagram #} (16... Qb8 17. Rxc8+ Qxc8 18. Rxd6 f6 19. Bf4 Kd8) 17. Rxc5 $1 Qxc5
18. Rd5 Qxd5 19. Bxd5 1-0

[Event "Mechanics' Winter TNM; 30/90, SD/30"]
[Site "San Francisco"]
[Date "2014.02.11"]
[Round "6.13"]
[White "Potharam, Eitetsu"]
[Black "Bayaraa, Chinguun"]
[Result "1/2-1/2"]
[WhiteElo "1824"]
[BlackElo "1570"]
[Annotator "Donaldson"]
[PlyCount "71"]
[EventDate "2014.??.??"]

1. d4 d5 2. Nf3 e6 3. c4 Nf6 4. Nc3 Be7 5. Bf4 c6 6. e3 Nbd7 7. Bd3 O-O 8. O-O
dxc4 9. Bxc4 Nd5 10. Nxd5 exd5 11. Bb3 (11. Bd3) 11... Re8 12. Ne5 Nxe5 13.
Bxe5 f6 14. Bg3 Bf5 15. Bc2 Bxc2 16. Qxc2 Bf8 17. Rac1 (17. Rab1 a5 18. a3 a4)
17... Bd6 18. Qb3 Bxg3 19. hxg3 Qd7 20. Rfe1 f5 21. Rc2 Re6 22. Rce2 Kh8 23.
Qd3 Qf7 24. Rc2 Rh6 25. Qe2 Re8 26. b4 Qd7 27. a4 Rhe6 28. b5 h6 29. bxc6 Rxc6
30. Rec1 Rec8 31. Qd3 Rxc2 32. Rxc2 Rxc2 33. Qxc2 g6 34. Qc5 a6 35. Kh2 Kg7 36.
a5 1/2-1/2

[Event "Mechanics' SummerTNM; 30/90, SD/30"]
[Site "San Francisco"]
[Date "2014.06.10"]
[Round "3.26"]
[White "Potharam, Eitetsu"]
[Black "Hilliard, Michael"]
[Result "1-0"]
[WhiteElo "1825"]
[BlackElo "1400"]
[Annotator "Donaldson"]
[PlyCount "87"]
[EventDate "2014.??.??"]

1. c4 e6 2. Nc3 Nf6 3. Nf3 (3. d4 Bb4 4. Qc2 c5 5. dxc5) 3... Bc5 $2 (3... Bb4
4. d4 (4. g3) (4. Qb3)) 4. d4 Bb4 5. Qc2 c5 6. e3 (6. dxc5 Bxc5 7. Bg5) 6...
Nc6 7. Bd2 (7. Bd3 cxd4 8. exd4 d5 9. cxd5) 7... cxd4 8. exd4 d5 9. a3 Ba5 (
9... Bxc3 10. bxc3 O-O) 10. b4 Bb6 (10... Bc7) 11. c5 Bc7 12. Bb5 Qe7 13. O-O
O-O 14. Rfe1 Bd7 15. Bg5 Qd8 16. Bxc6 Bxc6 17. b5 Bd7 18. a4 (18. Ne5) 18...
Ba5 19. Ne5 Be8 20. Re3 h6 21. Bh4 g5 22. Bg3 Nh5 23. Ng4 Kg7 24. Be5+ f6 25.
Bd6 Rf7 26. Rae1 (26. Rxe6 Bd7 27. Rae1 (27. Ne5 Bxe6 28. Qg6+ Kh8 29. Nxf7+
Bxf7 30. Qxf7 Bxc3 31. Rd1) 27... Bxe6 28. Rxe6 Qd7) 26... Bxc3 (26... Bd7 27.
h4) 27. Qxc3 Bd7 28. h3 f5 $4 (28... a6) 29. Ne5 Rf6 30. Nxd7 Qxd7 31. Be5 Re8
32. Bxf6+ Nxf6 33. f3 Nh5 34. c6 bxc6 35. bxc6 Qc8 36. c7 Nf4 37. g3 Ng6 38.
Rxe6 Rxe6 39. Rxe6 Kf7 40. Qc6 Ne7 41. Rf6+ Kg7 42. Qe6 Qxc7 43. Rf7+ Kg8 44.
Rxe7+ 1-0